Statystyki dla Losowe państwa na mapie świata bez granic

Kliknij tutaj aby rozwiązać quiz!

Ogólne statystyki

  • Ten quiz został rozwiązany 1 558 razy
  • Średni wynik to 18 z 25

Odpowiedzi na mapie

Odpowiedzi skodowane kolorowo w zielono-czerwonej skali na mapie do tego quizu, zgodnie z poniższymi procentami.
 

Statystyki odpowiedzi

kraj% Poprawnych
Dania
100%
Francja
100%
Meksyk
100%
Belgia
97%
Chiny
97%
Holandia
97%
Irlandia
97%
Kanada
97%
Stany Zjednoczone
97%
Argentyna
96%
Finlandia
95%
Indie
95%
Polska
95%
Rosja
95%
Litwa
94%
Łotwa
94%
Niemcy
94%
Białoruś
93%
Brazylia
93%
Korea Południowa
93%
San Marino
93%
Chile
92%
Hiszpania
92%
Islandia
92%
Malta
92%
Szwecja
92%
Kuba
91%
Mongolia
91%
Rumunia
91%
Słowacja
91%
Japonia
90%
Maroko
90%
Monako
90%
Ukraina
90%
Australia
89%
Luksemburg
89%
Peru
89%
Portugalia
89%
Turcja
89%
Węgry
89%
Bośnia i Hercegowina
88%
Czechy
88%
Estonia
88%
Grecja
88%
Liechtenstein
88%
Republika Południowej Afryki
88%
Wielka Brytania
88%
Włochy
88%
Arabia Saudyjska
87%
Egipt
87%
Gruzja
87%
Korea Północna
87%
Austria
86%
Libia
86%
Norwegia
86%
Szwajcaria
86%
Watykan
86%
Czarnogóra
85%
Kostaryka
85%
Macedonia Północna
85%
Tajwan
85%
Albania
84%
Andora
83%
Boliwia
83%
Iran
83%
Madagaskar
83%
Sri Lanka
83%
Bahamy
82%
Jordania
82%
Serbia
82%
Cypr
81%
Filipiny
81%
Indonezja
81%
Izrael
81%
Kolumbia
81%
Nepal
81%
Słowenia
81%
Tunezja
81%
Urugwaj
81%
Wenezuela
81%
Algieria
79%
Jemen
79%
Kazachstan
79%
Oman
79%
Azerbejdżan
78%
Bangladesz
78%
Kambodża
78%
Mołdawia
78%
Irak
77%
Tajlandia
77%
Chorwacja
76%
Haiti
76%
Somalia
76%
Ekwador
75%
Mjanma
75%
Paragwaj
75%
Gujana
74%
Pakistan
74%
Togo
74%
Bhutan
73%
Eswatini
73%
Laos
73%
Syria
73%
Wietnam
73%
Bułgaria
72%
Malediwy
72%
Afganistan
71%
Etiopia
71%
Panama
71%
Zjednoczone Emiraty Arabskie
71%
Brunei
70%
Dominikana
70%
Nowa Zelandia
70%
Jamajka
69%
Katar
69%
Papua-Nowa Gwinea
69%
Timor Wschodni
69%
Sudan
68%
Surinam
68%
Uzbekistan
68%
Wyspy Świętego Tomasza i Książeca
68%
Gwatemala
67%
Honduras
67%
Kuwejt
67%
Malezja
67%
Salwador
67%
Czad
66%
Demokratyczna Republika Konga
66%
Mozambik
66%
Nikaragua
66%
Wybrzeże Kości Słoniowej
66%
Bahrajn
65%
Kongo
65%
Sierra Leone
65%
Belize
64%
Mauretania
64%
Mali
63%
Niger
63%
Nigeria
63%
Wyspy Salomona
63%
Republika Zielonego Przylądka
62%
Singapur
62%
Turkmenistan
62%
Burkina Faso
61%
Ghana
61%
Kenia
61%
Benin
60%
Kirgistan
60%
Senegal
60%
Angola
59%
Botswana
59%
Gambia
59%
Liban
59%
Nauru
59%
Saint Kitts i Nevis
59%
Kosowo
58%
Mauritius
58%
Rwanda
58%
Armenia
57%
Erytrea
57%
Gabon
57%
Liberia
57%
Namibia
57%
Saint Lucia
57%
Tanzania
57%
Mikronezja
56%
Zimbabwe
56%
Malawi
54%
Seszele
54%
Tonga
52%
Dżibuti
51%
Republika Środkowoafrykańska
50%
Tadżykistan
50%
Gwinea Równikowa
48%
Lesotho
48%
Zambia
48%
Samoa
47%
Kamerun
46%
Komory
46%
Gwinea
44%
Palau
44%
Uganda
44%
Gwinea Bissau
43%
Saint Vincent i Grenadyny
43%
Vanuatu
43%
Trynidad i Tobago
42%
Antigua i Barbuda
40%
Kiribati
40%
Burundi
39%
Dominika
39%
Sudan Południowy
39%
Wyspy Marshalla
38%
Barbados
35%
Fidżi
33%
Grenada
33%
Tuvalu
32%

Rozkład punktacji

Percentyl według liczby udzielonych odpowiedzi

Procent ludzi z każdym wynikiem

Twoja historia wyników

Nie rozwiązałeś tego quizu